Esthetic rehabilitation in fixed prosthodontics / (Record no. 27133)
[ view plain ]
| 000 -LEADER | |
|---|---|
| fixed length control field | 01505cam a22003615i 4500 |
| 001 - CONTROL NUMBER | |
| control field | 012877427 |
| 003 - CONTROL NUMBER IDENTIFIER | |
| control field | Uk |
| 005 - DATE AND TIME OF LATEST TRANSACTION | |
| control field | 20190212160629.0 |
| 006 - FIXED-LENGTH DATA ELEMENTS--ADDITIONAL MATERIAL CHARACTERISTICS--GENERAL INFORMATION | |
| fixed length control field | a||||fr|||| 00| 0 |
| 008 - FIXED-LENGTH DATA ELEMENTS--GENERAL INFORMATION | |
| fixed length control field | 040506m20042008ilua frb 001 0 eng d |
| 015 ## - | |
| -- | GBA4X3611 |
| -- | bnb |
| 016 7# - | |
| -- | 012877427 |
| -- | Uk |
| 020 ## - INTERNATIONAL STANDARD BOOK NUMBER | |
| International Standard Book Number | 9781850971085 (v. 1) : |
| 020 ## - INTERNATIONAL STANDARD BOOK NUMBER | |
| International Standard Book Number | 1850971080 (v. 1) : |
| 020 ## - INTERNATIONAL STANDARD BOOK NUMBER | |
| International Standard Book Number | 9781850971719 (v. 2) |
| 020 ## - INTERNATIONAL STANDARD BOOK NUMBER | |
| International Standard Book Number | 1850971714 (v. 2) |
| 040 ## - CATALOGING SOURCE | |
| Original cataloging agency | StDuBDS |
| Language of cataloging | eng |
| Transcribing agency | Uk |
| Modifying agency | Uk |
| -- | EG-ScBUE |
| 082 04 - DEWEY DECIMAL CLASSIFICATION NUMBER | |
| Classification number | 617.627 |
| Edition number | 22 |
| Item number | FRA |
| 100 1# - MAIN ENTRY--PERSONAL NAME | |
| Personal name | Fradeani, Mauro. |
| 245 10 - TITLE STATEMENT | |
| Title | Esthetic rehabilitation in fixed prosthodontics / |
| Statement of responsibility, etc | Mauro Fradeani, Giancarlo Barducci. |
| 264 #1 - PUBLICATION, DISTRIBUTION, ETC. (IMPRINT) | |
| Place of publication, distribution, etc | Chicago, Illinois : |
| Name of publisher, distributor, etc | Quintessence Pub. Co., |
| Date of publication, distribution, etc | 2008. |
| 300 ## - PHYSICAL DESCRIPTION | |
| Extent | 2 volumes : |
| Other physical details | illustrations (chiefly col.) ; |
| Dimensions | 29 cm. + |
| Accompanying material | 1 laboratory checklist (4 pages) |
| 336 ## - CONTENT TYPE | |
| Content type term | text |
| Source | rdacontent |
| 337 ## - MEDIA TYPE | |
| Media type term | unmediated |
| Source | rdamedia |
| 338 ## - CARRIER TYPE | |
| Carrier type term | volume |
| Source | rdacarrier |
| 500 ## - GENERAL NOTE | |
| General note | One folded sheet (4 p.) in pocket attached to inside back cover of vol. 1; 1 folded sheet (4 p.) + 1 sheet in pocket attached to inside back cover of vol. 2. |
| 504 ## - BIBLIOGRAPHY, ETC. NOTE | |
| Bibliography, etc | Includes bibliographical references and index. |
| 505 0# - FORMATTED CONTENTS NOTE | |
| Formatted contents note | v. 1. Esthetic analysis : a systematic approach to prosthetic treatment -- v. 2. Prosthetic treatment : a systematic approach to esthetic, biologic, and functional integration. |
| 650 #7 - SUBJECT ADDED ENTRY--TOPICAL TERM | |
| Topical term or geographic name as entry element | Prosthodontics. |
| Source of heading or term | BUEsh |
| 9 (RLIN) | 30625 |
| 650 #7 - SUBJECT ADDED ENTRY--TOPICAL TERM | |
| Topical term or geographic name as entry element | Dentistry |
| General subdivision | Aesthetic aspects. |
| Source of heading or term | BUEsh |
| 9 (RLIN) | 32104 |
| 700 1# - ADDED ENTRY--PERSONAL NAME | |
| Personal name | Barducci, Giancarlo. |
| 942 ## - ADDED ENTRY ELEMENTS (KOHA) | |
| Source of classification or shelving scheme | Dewey Decimal Classification |
| Koha item type | Book - Borrowing |
| Withdrawn status | Lost status | Source of classification or shelving scheme | Damaged status | Not for loan | Collection code | Home library | Current library | Shelving location | Date acquired | Source of acquisition | Cost, normal purchase price | Serial Enumeration / chronology | Total Checkouts | Full call number | Barcode | Date last seen | Date checked out | Cost, replacement price | Price effective from | Koha item type | Public note |
|---|---|---|---|---|---|---|---|---|---|---|---|---|---|---|---|---|---|---|---|---|---|
| Dewey Decimal Classification | Scientific home BookShop | Central Library | Central Library | First floor | 12/02/2019 | Purchase | 2350.00 | 2689 | 1 | 617.627 FRA | 000044175 | 15/07/2025 | 17/02/2020 | 2938.00 | 12/02/2019 | Book - Borrowing | Volume 1 | ||||
| Dewey Decimal Classification | Scientific home BookShop | Central Library | Central Library | First floor | 12/02/2019 | Purchase | 3220.00 | 2689 | 1 | 617.627 FRA | 000044177 | 15/07/2025 | 17/02/2020 | 4025.00 | 12/02/2019 | Book - Borrowing | Volume 2 |